| LEADER |
00615nam0a2200181 450 |
| 001 |
16840666 |
| 010 |
|
|
|a 979-1023517422
|b Br.
|d 12,9
|
| 100 |
|
|
|a 20221202d2022 u u0frey01 ba
|
| 101 |
1 |
|
|a fre
|c
|
| 200 |
0 |
|
|a Rock attitude
|f Jeff Kinney
|g trad. Natalie Zimmermann
|
| 207 |
|
1 |
|a
|
| 210 |
|
|
|a Paris
|b 27 rue Jacob.
|c Seuil
|d 2022
|
| 461 |
|
0 |
|t Journal d'un dégonflé
|v 17
|
| 700 |
|
0 |
|a Kinney
|b Jeff
|f 1971-....
|4 70
|
| 702 |
|
0 |
|a Zimmermann
|b Natalie
|f 1958-....
|4 730
|
| 900 |
|
|
|a Roman enfant
|
| 901 |
|
|
|a Accessible au prêt
|
| 995 |
|
|
|a Bibliothèque
|c Bibliothèque
|f 024025988
|h 024025988
|k E C3 KIN
|o p
|q j
|r az
|e Bibliothèque
|